| 000 | 00627nam a2200181Ia 4500 | ||
|---|---|---|---|
| 001 | 3236 | ||
| 005 | 20260306144906.0 | ||
| 008 | 260306t2007||||xx |||||||||||||| ||spa|| | ||
| 041 | _aESP | ||
| 082 |
_a262.91 _bB135 |
||
| 100 |
_aBenedicto XVI, Papa _eAUT |
||
| 245 | 0 |
_aSacramentum caritatis: _bexhortación apostólica. Del santo padre Benedicto XVI al episcopado, al clero, a las personas consagradas y a los fieles laicos sobre la eucaristía fuente y culmen de la vida y de la misión de la Iglesia |
|
| 260 | _c2007 | ||
| 300 |
_a122 páginas : _c20 cm. |
||
| 650 | _aGEN | ||
| 654 | _aCHU | ||
| 942 |
_cLIB _dJUS _fJUS _2ddc _n |
||
| 999 |
_c3236 _d3236 |
||